000
00327nam a2200109Ia 4500
008
171211s9999 xx 000 0 und d
245
_a
Stage Money: The Business of the Professional Theater
245
_c
Jim Patterson and Tim Donahue
260
_c
2010
650
_x
ART
856
_u
http://down.ebook777.com/062/1570039070.pdf
999
_c
348545
_d
348545